Responses for show #2642 - Tuesday, February 13, 1996

1996 College Championship quarterfinal game 2.

Contestants

Jeff Warren, a senior from Abilene Christian University

Colin Campbell, a sophomore from Princeton University

Bronwyn Bedient, a freshman from University of North Carolina

Jeopardy! Round responses

SCIENCE
ANNUAL EVENTS
BIOGRAPHIES
THE MOVIES
THE WHITE HOUSE
HOMONYMS
    $100 3
Mercury

Bronwyn
    $100 6
Delaware

Bronwyn
    $100 14
Frederck Douglass

Bronwyn
    $100 1
Apollo 13

Colin
    $100 2
the electric lights

Jeff
    $100 16
the ear

Bronwyn
    $200 23
a donor

Bronwyn
    $200 7
Columbia

Colin
    $200 15
the Marquis de Lafayette

Bronwyn
    $200 4
The Scarlett Letter

Colin
    $200 5
the Rose Garden

Bronwyn
    $200 17
the bit

Bronwyn
    $300 24
coal

Jeff
    $300 19
Washington, D.C.

Bronwyn
    $300 28
Sam Houston

Jeff
    $300 8
Michelle Pfeiffer

Bronwyn
    $300 11
Andrew Jackson

Bronwyn
    $300 18
a float

Colin
    $400 25
(Jeff: What is 6?)

3 times as many

Jeff
Triple Stumper
    $400 20
(Bronwyn: What is Georgia?)

Louisiana

Bronwyn
Triple Stumper
    $400 29
Johnny Carson

Bronwyn
    $700 9
(Bronwyn: Who is the Joker? Oh!)
(Alex: Nooo! Sorry, that is wrong.)
(Bronwyn: Who is the [*]?)
(Alex: The question mark for the [*].)

the Riddler

Bronwyn
    $400 12
George Bush

Bronwyn
    $400 21
mace

Bronwyn
    $500 26
(Jeff: What is plate tetonics?)

geology

Jeff
Triple Stumper
    $500 27
Anchorage

Bronwyn
    $500 30
(Jack) Kerouac

Bronwyn
    $500 10
Jon Bon Jovi

Bronwyn
    $500 13
(Jeff: What is the United Kingdom?)

Ireland

Jeff
Triple Stumper
    $500 22
a chord

Bronwyn

Scores at the first commercial break (after clue 14):

Bronwyn Colin Jeff
$1,300 $500 -$400

Scores at the end of the Jeopardy! Round:

Bronwyn Colin Jeff
$4,200 $800 -$700

Double Jeopardy! Round responses

THE 20th CENTURY
BIRDS
SAINTS
U.S. GEOGRAPHY
THEATRE
POTPOURRI
    $200 4
the Titanic

Colin
    $200 26
yellow

Bronwyn
    $200 11
Joan of Arc

Bronwyn
    $200 1
Florida

Jeff
    $200 18
Joseph

Bronwyn
    $200 14
Charles Lindbergh

Bronwyn
    $400 5
Red Square

Bronwyn
    $400 27
the owl

Jeff
    $400 12
Mary Magdalene

Jeff
    $1,000 2
Superior

Jeff
    $400 19
(Colin: Who are the Judds?)
...
[Alex sings "I'm so excited".]
[Laughter]

the Pointer Sisters

BronwynColin
    $400 15
Winnie-the-Pooh

Jeff
    $600 6
the League of Nations

Bronwyn
    $600 28
a partridge

Bronwyn
    $600 13
Charlemagne

Colin
    $600 3
Pikes Peak

Colin
    $600 20
Death of a Salesman

Bronwyn
    $600 23
We the people

Bronwyn
    $800 7
(Jeff: Umm...)

Golda Meir

ColinJeff
    $800 29
pheasant

Bronwyn
    $800 16
St. James

Jeff
    $800 8
(Jeff: What is Hood?)

Whitney

Jeff
Triple Stumper
    $1,800 21
(Bronwyn: Oh! [Hand to forehead] I can't remember the name of it. Gosh...)
(Alex: Say something.)
(Bronwyn: What is... bird.)
(Alex: What is The Glass...)
(Bronwyn: Menagerie!)

The Glass Menagerie

Bronwyn
    $800 24
the Peace Prize

Bronwyn
    $1000 10
(Bronwyn: What is Barbados?)

Barbuda

BronwynJeff
    $1000 30
a hummingbird

Bronwyn
    $1000 17
Ignatius

Bronwyn
    $1000 9
the Snake River

Colin
    $1000 22
Waiting for Godot

Bronwyn
    $1000 25
zirconium

Colin

Scores at the end of the Double Jeopardy! Round:

Bronwyn Colin Jeff
$10,000 $4,600 $1,900
(lock game)

Final Jeopardy! Round responses

EXPLORERS
(Alex: [After the music] Didn't want to believe that he and his father and his uncle had had all those marvelous experiences in the East.)
...
(Bronwyn: Can I change my answer?)
(Alex: If you were going to change it; who would you change it to?)
(Bronwyn: [*].)
JeffWho was Leif Ericson
$1,900
ColinWho is Leif Erickson
$4,600
BronwynWho was da Gama?
$799
Marco Polo

Final scores:

Bronwyn Colin Jeff
$9,201 $0 $0
Automatic semifinalist 2nd place: $1,000 if eliminated 3rd place: $1,000 if eliminated

Game dynamics:

Coryat scores:

Bronwyn Colin Jeff
$12,500 $4,600 $1,300
33 R,
4 W
(including 2 DDs)
10 R,
1 W
10 R
(including 1 DD),
5 W

Combined Coryat: $18,400

The J! Archive is created by fans, for fans. The Jeopardy! game show and all elements thereof, including but not limited to copyright and trademark thereto, are the property of Jeopardy Productions, Inc. and are protected under law. This website is not affiliated with, sponsored by, or operated by Jeopardy Productions, Inc. Join the discussion at JBoard.tv.